| 000 | 00965cam a2200217 4500 | ||
|---|---|---|---|
| 001 | ##L132166 | ||
| 008 | 060117n2006 000 0 eng u | ||
| 035 | _a(Sirsi) u132166 | ||
| 041 | 0 | _aeng | |
| 050 | 0 | 4 | _a711.409421 $2 18 |
| 245 | _aPlanning in London Yearbook 2006 | ||
| 260 |
_aManchester _bExcel _c2006 |
||
| 300 |
_a98p. _c30cm. |
||
| 350 | _a25 | ||
| 520 | _aFeatures articles on the London Plan, the London Olympic Games, the terrorist threat, the probability of a flooding catastrophe in London, the extension of the congestion charge zone, affordable housing, the Millennium Dome, London waste management problems and the Convoys Wharf development in Deptford. Contains a borough-by-borough guide to planning and development including principal local authority contact details. | ||
| 590 | _aIKA170106, KA | ||
| 650 |
_aAffordable housing _96215 |
||
| 690 |
_aPlanning and development _96259 |
||
| 700 | 1 |
_aRegan, Martin _eEditor |
|
| 942 | _n0 | ||
| 999 |
_c105046 _d105046 |
||